Sociální politika 2024: budoucnost a proměny trhu práce sborník vědeckých textů z mezinárodní konference Sociální politika 2024

Gespeichert in:
Bibliographische Detailangaben
Körperschaft: Sociální politika 2024: budoucnost a proměny trhu práce. Mezinárodní konference
Weitere Verfasser: Barák, Vladimír, Bartůsková, Lucia
Format: Buch
Sprache:Tschechisch
Slowakisch
Englisch
Veröffentlicht: Praha Národohospodářská fakulta VŠE v Praze 2025
Ausgabe:1. vydání
Schlagworte:
Tags: Tag hinzufügen
Keine Tags, Fügen Sie das erste Tag hinzu!

MARC

LEADER 00000nam a2200000 4500
001 0314016
005 20260114140544.9
020 |a 978-80-245-2561-7 
041 0 |a cze 
041 0 |a slo 
041 0 |a eng 
044 |a CZ 
245 1 0 |a Sociální politika 2024: budoucnost a proměny trhu práce  |b sborník vědeckých textů z mezinárodní konference Sociální politika 2024  |c sborník recenzovali: Vladimír Barák, Lucia Bartůsková ... [et al.] 
250 |a 1. vydání 
264 1 |a Praha  |b Národohospodářská fakulta VŠE v Praze  |c 2025 
300 |a 143 s. 
610 2 0 |a politika sociálna 
610 2 0 |a podnik sociálny 
610 2 0 |a trh práce 
610 2 0 |a služby sociálne 
700 1 |a Barák, Vladimír 
700 1 |a Bartůsková, Lucia 
110 2 |a Sociální politika 2024: budoucnost a proměny trhu práce. Mezinárodní konference